000 00686nam a2200241 i 4500
001 C2-0267825
003 PPAK
005 20180727234929.0
008 060808s2004 my a|||| ||||| | may d
020 _a9831922433
040 _aPPAK
_beng
_cPPAK
_erda
082 0 4 _a302.2
_223
090 0 0 _a302.2
_bABD
_dG
100 0 _aAbdullah Hassan,
_eauthor
245 1 0 _aSeni bercakap-cakap dan berbual-bual
264 1 _aBentong, Pahang :
_bPTS Publications ,
_c2004
300 _avi, 273 pages :
_billustrations ;
_c22 cm
336 _2rdacontent
_atext
337 _2rdamedia
_aunmediated
338 _2rdacarrier
_avolume
650 1 0 _aComunication - Social aspects.
942 _ddc
_cB
999 _c76737
_d76737